[Event "RBTT Heroes Day Cup 2012"]
[Site "Bridgetown BAR"]
[Date "2012.04.29"]
[Round "5"]
[White "Zapata,Alo"]
[Black "Farley,T"]
[Result "1/2-1/2"]
[WhiteElo "2485"]
[BlackElo "2250"]

1.e4 c5 2.Nf3 d6 3.d4 cxd4 4.Nxd4 Nf6 5.Nc3 a6 6.Be3 e5 7.Nb3 Be7 8.f3 Be6
9.Qd2 Nbd7 10.O-O-O O-O 11.g4 b5 12.g5 b4 13.Ne2 Ne8 14.f4 a5 15.f5 a4 16.fxe6 axb3
17.cxb3 fxe6 18.Kb1 Rxa2 19.Bh3 Qa5 20.Bxe6+ Kh8 21.Qd5 Nc5 22.Bxc5 dxc5
23.Qxe5 Bd6 24.Qd5 Rf2 25.Bg4 Nc7 26.Qe5 Nb5 27.Rxd6 Nxd6 28.Qxd6 Qa8 29.Rd1 Rxb2+  1/2-1/2

[Event "TCh-SUI National A 2012"]
[Site "Switzerland SUI"]
[Date "2012.04.29"]
[Round "3.8"]
[White "Stoeri,S"]
[Black "Gaehwiler,G"]
[Result "0-1"]
[WhiteElo "2160"]
[BlackElo "2260"]

1.e4 c5 2.Nf3 d6 3.d4 cxd4 4.Nxd4 Nf6 5.Nc3 a6 6.Be3 e5 7.Nb3 Be6 8.Qd2 Be7
9.O-O-O O-O 10.f4 Nc6 11.f5 Bxb3 12.axb3 b5 13.g4 Nxg4 14.Rg1 Nxe3 15.Qxe3 Kh8
16.Nd5 Nd4 17.Kb1 Rg8 18.Rd3 Bh4 19.Rg4 g5 20.Rc3 Rc8 21.Rxc8 Qxc8 22.c3 Nxb3
23.Ne7 Qc5 24.Qxc5 dxc5 25.Nxg8 Nd2+ 26.Ka2 Nxf1 27.Ne7 Nxh2 28.Rg2 Nf3 29.Nc6 h5
30.Nb8 g4 31.Nxa6 g3 32.Re2 Be7 33.Rg2 h4 34.Nc7 Bg5 35.Nd5 Bf4 36.Re2 h3
37.Nxf4 exf4 38.e5 Nxe5  0-1

[Event "MMM Open 2012"]
[Site "Krakow POL"]
[Date "2012.04.30"]
[Round "2.3"]
[White "Sadzikowski,D"]
[Black "Lach,P"]
[Result "1-0"]
[WhiteElo "2392"]
[BlackElo "2166"]

1.e4 c5 2.Nf3 d6 3.d4 cxd4 4.Nxd4 Nf6 5.Nc3 a6 6.Be3 e5 7.Nb3 Be7 8.f3 O-O
9.Qd2 Be6 10.O-O-O Qc7 11.g4 Rc8 12.g5 Nh5 13.Kb1 Nd7 14.Rg1 b5 15.Nd5 Bxd5
16.exd5 b4 17.Bh3 a5 18.Bg4 a4 19.Nc1 b3 20.cxb3 Nf4 21.Bxf4 exf4 22.Bxd7 Qxd7
23.Qxf4 axb3 24.Nxb3 Qa7 25.a3 Qb6 26.Qb4 Qf2 27.Qd2 Qxf3 28.Qd3 Qh5 29.h4 g6
30.Qe4 Bf8 31.Qg4 Rcb8 32.Ka2 Bg7 33.Rg2 Rb5 34.Qxh5 gxh5 35.Rc2 h6 36.gxh6 Bxh6
37.Rg2+ Kh7 38.Rf2 Ra7 39.Rf5 Rab7 40.Rd3 Kg6 41.Rf2 Bg7 42.a4 Rb4 43.Ka3 Rxh4
44.Na5 Bxb2+ 45.Rxb2 Rxb2 46.Kxb2 Rxa4 47.Nb3 Rg4 48.Kc3 h4 49.Nd4 Kg5 50.Kd2 Re4
51.Nb5 Kg4 52.Nxd6 Rf4 53.Ke3 Rf3+ 54.Ke2 Rxd3 55.Kxd3 h3 56.Ne4 h2 57.Nf2+ Kf3
58.Nh1 Kg2 59.Ke2 f5 60.d6 f4 61.Nf2 f3+ 62.Ke3 Kf1 63.Kxf3  1-0

[Event "Nakhchivan Open 2012"]
[Site "Nakhchivan AZE"]
[Date "2012.04.30"]
[Round "3.9"]
[White "Safarli,E"]
[Black "Guliev,L"]
[Result "1-0"]
[WhiteElo "2645"]
[BlackElo "2409"]

1.e4 c5 2.Nf3 d6 3.d4 cxd4 4.Nxd4 Nf6 5.Nc3 a6 6.Be3 e5 7.Nf3 Be7 8.Nd2 b5
9.a4 b4 10.Nd5 Nxd5 11.exd5 a5 12.Bb5+ Nd7 13.Nc4 O-O 14.Bc6 Ra6 15.O-O Qc7
16.Qe2 Bb7 17.Bb5 Nf6 18.Nxe5 Raa8 19.Nc4 Nxd5 20.Bd4 Nf4 21.Qg4 Ne6 22.Bb6 Qb8
23.Rad1 h5 24.Qg3 Be4 25.Be3 h4 26.Qg4 f5 27.Qe2 f4 28.f3 fxe3 29.fxe4 Nf4
30.Qxe3 Bg5 31.Nxd6 Qc7 32.Bc4+ Kh8 33.e5 Rae8 34.Kh1 Qc6 35.Qf3 Qxf3 36.Rxf3 Rxe5
37.g3 hxg3 38.hxg3 Rf6 39.gxf4  1-0

[Event "NK Jeugd A 2012"]
[Site "Haarlem NED"]
[Date "2012.05.01"]
[Round "4.3"]
[White "Pijpers,A"]
[Black "Van der Auweraert,Elwin"]
[Result "0-1"]
[WhiteElo "2338"]
[BlackElo "1976"]

1.e4 c5 2.Nf3 d6 3.d4 cxd4 4.Nxd4 Nf6 5.Nc3 a6 6.Be3 e5 7.Nf3 Be7 8.Bc4 O-O
9.O-O Be6 10.Bxe6 fxe6 11.Na4 h6 12.Qd3 Nbd7 13.Qb3 Kf7 14.Qxb7 Qa5 15.b3 Rfb8
16.Qc6 Rc8 17.Qb7 Rab8 18.Qa7 Qb5 19.c4 Qc6 20.Bd2 Ng4 21.h3 Rb7 22.Qxb7 Qxb7
23.hxg4 Qxe4 24.Rfe1 Qxg4 25.Nc3 Qf5 26.Re2 g5 27.Rf1 Nf6 28.Ne1 Rg8 29.Bc1 Nh5
30.Ne4 Nf4 31.Re3 d5 32.Ng3 Qf6 33.Bb2 d4 34.Re4 Bd6 35.Nc2 h5 36.Ree1 Bc7
37.Ba3 h4 38.Ne4 Qf5 39.Kh1 Qg4 40.Rg1 h3 41.g3 Nd3 42.Bd6 h2 43.Kxh2 Qf3
44.Rg2 Nxe1 45.Bxc7 Qxg2+  0-1

[Event "Norsk Sjakkfestival"]
[Site "Fagernes NOR"]
[Date "2012.05.03"]
[Round "7"]
[White "Stets,D"]
[Black "Smith,Ax"]
[Result "0-1"]
[WhiteElo "2468"]
[BlackElo "2478"]

1.e4 c5 2.Nf3 d6 3.d4 cxd4 4.Nxd4 Nf6 5.Nc3 a6 6.Be3 e6 7.Qd2 b5 8.f3 b4
9.Na4 Nbd7 10.O-O-O Qa5 11.b3 Bb7 12.a3 Qc7 13.axb4 d5 14.Kb1 dxe4 15.b5 Be7
16.bxa6 Bxa6 17.Nb5 Qb7 18.Nac3 O-O 19.fxe4 Rfc8 20.e5 Nxe5 21.Qe1 Bxb5 22.Nxb5 Qa6
23.Na7 Qa3 24.Bd4 Rxa7 25.Bxa7 Nc6 26.Bd4 Nb4 27.Rd2 Qa2+ 28.Kc1 Rxc2+ 29.Kd1 Ne4  0-1

[Event "NK Jeugd A 2012"]
[Site "Haarlem NED"]
[Date "2012.05.03"]
[Round "6.5"]
[White "Van Osch,Mees"]
[Black "Van der Auweraert,Elwin"]
[Result "1-0"]
[WhiteElo "2013"]
[BlackElo "1976"]

1.e4 c5 2.Nf3 d6 3.d4 cxd4 4.Nxd4 Nf6 5.Nc3 a6 6.Be3 e5 7.Nb3 Be6 8.Qd2 Nbd7
9.O-O-O Rc8 10.f4 Be7 11.Kb1 O-O 12.f5 Bc4 13.g4 d5 14.exd5 Bb4 15.Bxc4 Rxc4
16.Qe2 Rxc3 17.bxc3 Ne4 18.Bd2 Nxc3+ 19.Bxc3 Bxc3 20.Qc4 Qc8 21.Qxc8 Rxc8
22.Rd3 b5 23.Rhd1 f6 24.Nd2 Bb4 25.d6 Kf8 26.h4 Nc5 27.Rd5 Rd8 28.c3 Ba3
29.Kc2 Nd7 30.Ne4 Nb6 31.R5d3 Nc4 32.Rg1 Bxd6 33.g5 Be7 34.gxf6 Bxf6 35.Rxd8+ Bxd8
36.Kd3 Bb6 37.Rg3 Kf7 38.Ng5+ Kf6 39.Nxh7+ Kxf5 40.Rxg7 e4+ 41.Ke2 Ne5 42.Rg5+ Ke6
43.Nf8+ Kd6 44.Rxe5  1-0

[Event "NK Jeugd A 2012"]
[Site "Haarlem NED"]
[Date "2012.05.06"]
[Round "9.8"]
[White "Kollen,Z"]
[Black "Von Meijenfeldt,Bart"]
[Result "1/2-1/2"]
[WhiteElo "2128"]
[BlackElo "2144"]

1.e4 c5 2.Nf3 d6 3.d4 cxd4 4.Nxd4 Nf6 5.Nc3 a6 6.Be3 e5 7.Nb3 Be6 8.f3 Nbd7
9.Qd2 b5 10.a4 b4 11.Nd5 Bxd5 12.exd5 Nb6 13.Bxb6 Qxb6 14.a5 Qb7 15.Bc4 g6
16.Ra4 Rb8 17.Nc1 Bg7 18.b3 O-O 19.Na2 e4 20.O-O exf3 21.gxf3 Rbe8 22.Nxb4 Re5
23.Nc6 Rh5 24.Raa1 Bh6 25.Qd4 Bg7 26.Qd3 Qd7 27.Kh1 Rh4 28.Rg1 Nh5 29.Rae1 Qh3
30.Qe2 Ng3+ 31.Rxg3 Qxg3 32.Rg1 Qf4 33.Bxa6 Bf6 34.Bb5 Kg7 35.Rg2 Qc1+ 36.Qf1 Qf4
37.Qe2 Rh3 38.Qe4 Qc1+ 39.Rg1 Qh6 40.Rg2 Qc1+ 41.Rg1 Qh6 42.Rg2 Qc1+ 43.Rg1 Qh6
44.Qe2 Re8 45.Qg2 Bg5  1/2-1/2

[Event "TCh-HUN 2011-12"]
[Site "Kecskemet HUN"]
[Date "2012.05.06"]
[Round "10"]
[White "Szabo,Krisz1"]
[Black "Salanki,E"]
[Result "1-0"]
[WhiteElo "2546"]
[BlackElo "2286"]

1.e4 c5 2.Nf3 d6 3.d4 cxd4 4.Nxd4 Nf6 5.Nc3 a6 6.Be3 e5 7.Nb3 Be6 8.Qd2 Be7
9.f3 Nbd7 10.g4 h6 11.O-O-O Rc8 12.h4 Nb6 13.Qe1 Nfd7 14.Kb1 Qc7 15.Qf2 g6
16.Nd5 Bxd5 17.exd5 Na4 18.Bc1 b5 19.Bd3 Kf8 20.f4 Kg7 21.f5 Nac5 22.g5 hxg5
23.hxg5 gxf5 24.Nxc5 Nxc5 25.Bxf5 Rcf8 26.Rh6 Rfg8 27.Qh4 Qd8 28.Rh1 a5 29.Rh7+ Rxh7
30.Bxh7  1-0

[Event "TCh-HUN 2011-12"]
[Site "Mako HUN"]
[Date "2012.05.06"]
[Round "10"]
[White "Veszpremi,A"]
[Black "Farkas,Ti"]
[Result "0-1"]
[WhiteElo "2256"]
[BlackElo "2255"]

1.e4 c5 2.Nf3 d6 3.d4 cxd4 4.Nxd4 Nf6 5.Nc3 a6 6.Be3 Ng4 7.Bg5 h6 8.Bc1 Nf6
9.Be2 e5 10.Nb3 Be7 11.Be3 Be6 12.Qd2 Nbd7 13.O-O-O Rc8 14.f4 Qc7 15.f5 Bc4
16.g4 b5 17.Bf3 b4 18.Ne2 d5 19.Ng3 d4 20.Nxd4 Bxa2 21.Nde2 Bb3 22.c3 Qa5
23.Qd3 bxc3 24.Nxc3 Qa1+  0-1

[Event "TCh-HUN 2011-12"]
[Site "Szombathely HUN"]
[Date "2012.05.06"]
[Round "10"]
[White "Kiss,At"]
[Black "Pinter,J"]
[Result "1/2-1/2"]
[WhiteElo "2358"]
[BlackElo "2547"]

1.e4 c5 2.Nf3 d6 3.d4 cxd4 4.Nxd4 Nf6 5.Nc3 a6 6.Be3 e6 7.Be2 Be7 8.f4 Qc7
9.O-O Nc6 10.Qe1 O-O 11.Qg3 Nxd4 12.Bxd4 b5 13.a3 Bb7 14.Rad1 Rad8 15.Bf3 Rd7
16.Kh1 Bc6 17.Rfe1 Rfd8 18.Nd5 Bxd5 19.exd5 e5 20.fxe5 dxe5 21.Bxe5 Bd6 22.c3 g6
23.Qg5  1/2-1/2

[Event "Vienna Ladies 2012"]
[Site "Vienna AUT"]
[Date "2012.05.06"]
[Round "2.1"]
[White "Novkovic,J"]
[Black "Newrkla,K"]
[Result "0-1"]
[WhiteElo "2063"]
[BlackElo "2162"]

1.e4 c5 2.Nf3 d6 3.d4 cxd4 4.Nxd4 Nf6 5.Nc3 a6 6.Be3 e5 7.Nb3 Be6 8.f3 Nbd7
9.g4 b5 10.g5 b4 11.Ne2 Nh5 12.Qd2 g6 13.Ng3 Nf4 14.Qxb4 Qxg5 15.Qd2 Bh6
16.Kf2 O-O 17.h4 Qe7 18.Nd4 exd4 19.Bxf4 Bxf4 20.Qxf4 Rfc8 21.Bd3 Ne5 22.Rhc1 Rab8
23.b3 Rc3 24.Ke2 Rbc8 25.h5 g5 26.Qd2 h6 27.Kf2 Qf6 28.Nf5 Bxf5 29.exf5 Nxd3+
30.cxd3 Qxf5 31.Rxc3 Rxc3 32.Rd1 Qh3 33.Qe2 Qh4+ 34.Kg2 Qxh5 35.Rd2 Rc1 36.Rd1 Rc5
37.Qf2 Rd5 38.Re1 Qg6 39.Re4 Qf6 40.Qe2 Re5 41.Qe1 Qe6 42.Qd2 Rxe4 43.dxe4 Qe5
44.b4 d5 45.Qd3 dxe4 46.fxe4 Qd6 47.a3 h5 48.Qe2 d3 49.Qd2 h4 50.e5 Qc6+
51.Kg1 Qe4 52.e6 Qg4+ 53.Kh1 Qf3+ 54.Kg1 Qg3+ 55.Kh1 fxe6 56.Qc1 Qh3+ 57.Kg1 Qg4+
58.Kh1 Qe4+ 59.Kg1 Qd4+ 60.Kh1 Qd5+ 61.Kh2 d2 62.Qd1 Qe5+ 63.Kg2 Qe1 64.Qh5 d1=Q
65.Qe8+ Kg7 66.Qe7+ Kg6  0-1

[Event "14th Salou Open"]
[Site "Salou ESP"]
[Date "2012.05.07"]
[Round "5.3"]
[White "Cabrera,Ale"]
[Black "Asis Gargatagli,H"]
[Result "1-0"]
[WhiteElo "2510"]
[BlackElo "2473"]

1.e4 c5 2.Nf3 d6 3.d4 cxd4 4.Nxd4 Nf6 5.Nc3 a6 6.Be3 e5 7.Nb3 Be7 8.f3 Be6
9.Qd2 O-O 10.O-O-O a5 11.Qe1 Qc8 12.a4 Nc6 13.Kb1 Nb4 14.g4 d5 15.g5 Ne8
16.exd5 Bf5 17.Rd2 Nc7 18.Na1 Rd8 19.Qd1 Qd7 20.Bc4 Rac8 21.Qe2 b5 22.axb5 Ne8
23.Bb6 Bxg5 24.Rdd1 Nd6 25.b3 a4 26.Nxa4 Nxc4 27.bxc4 Ra8 28.Nc3 Ra3 29.Kb2 Rda8
30.Bc5 Rxc3 31.Kxc3 Na2+ 32.Kb2 Bf6 33.Nb3 e4+ 34.Rd4 Qc7 35.Qe3 exf3 36.d6  1-0

[Event "30th Liechtenstein Open 2012"]
[Site "Triesen LIE"]
[Date "2012.05.11"]
[Round "1.20"]
[White "Bahl,Felix"]
[Black "Guenthner,O"]
[Result "1/2-1/2"]
[WhiteElo "1891"]
[BlackElo "2261"]

1.e4 c5 2.Nf3 d6 3.d4 cxd4 4.Nxd4 Nf6 5.Nc3 a6 6.Be3 e5 7.Nb3 Be6 8.f3 Be7
9.Qd2 d5 10.exd5 Nxd5 11.Nxd5 Qxd5 12.Qxd5 Bxd5 13.O-O-O Bxb3 14.axb3 Nc6
15.Bd3 O-O-O 16.Bb6 Rd6 17.Bf5+ Kb8 18.Rxd6 Bxd6 19.Rd1 Nd4 20.Bxd4 exd4
21.Rxd4 Bxh2 22.Rd7 Rf8 23.Be4  1/2-1/2

[Event "Vienna Ladies 2012"]
[Site "Vienna AUT"]
[Date "2012.05.12"]
[Round "8.4"]
[White "Osmanodja,F"]
[Black "Newrkla,K"]
[Result "0-1"]
[WhiteElo "2160"]
[BlackElo "2162"]

1.e4 c5 2.Nf3 d6 3.d4 cxd4 4.Nxd4 Nf6 5.Nc3 a6 6.Be3 e5 7.Nf3 Qc7 8.a4 Be7
9.a5 O-O 10.Be2 Nc6 11.Bb6 Qd7 12.O-O Bd8 13.Qd3 Bxb6 14.axb6 Qd8 15.Na4 d5
16.Rfd1 Qe7 17.Nd2 Nb4 18.Qa3 dxe4 19.Nc4 Be6 20.Na5 Rab8 21.c3 Nbd5 22.Qxe7 Nxe7
23.Nc5 Bd5 24.Rd2 Rfc8 25.Naxb7 Bxb7 26.Nxb7 Ned5 27.Bxa6 Nxb6 28.Rad1 Kf8
29.Na5 Rc5 30.Nb3 Rc7 31.Rd8+ Rxd8 32.Rxd8+ Ke7 33.Rd2 Ne8 34.Kf1 Nd6 35.Na5 Ke6
36.Be2 Ra7 37.Nb3 Nbc4 38.Rc2 Ra2 39.Nc5+ Kd5 40.Bxc4+ Nxc4 41.Nd7 h6 42.Ke2 Kd6
43.Nc5 f5 44.f3 exf3+ 45.gxf3 Rxb2 46.Rxb2 Nxb2 47.Nb7+ Kd5 48.Ke3 Nc4+ 49.Kd3 g5
50.Nd8 h5 51.Nf7 g4 52.fxg4 hxg4 53.Ng5 e4+ 54.Ke2 f4 55.h4 f3+ 56.Ke1 e3
57.h5 f2+ 58.Ke2 Nd2 59.c4+ Kxc4 60.h6 f1=Q+ 61.Kxe3 Qe1+ 62.Kf4 Qh4 63.h7 g3+
64.Kf5 g2  0-1

[Event "30th Liechtenstein Open 2012"]
[Site "Triesen LIE"]
[Date "2012.05.13"]
[Round "3.16"]
[White "Raddatz,M"]
[Black "Guenthner,O"]
[Result "0-1"]
[WhiteElo "2027"]
[BlackElo "2261"]

1.e4 c5 2.Nf3 d6 3.d4 cxd4 4.Nxd4 Nf6 5.Nc3 a6 6.Be3 e5 7.Nb3 Be6 8.Qd2 Be7
9.Be2 Nbd7 10.f3 Nb6 11.Na5 Qc7 12.O-O d5 13.exd5 Nbxd5 14.Nxd5 Nxd5 15.Nc4 b5
16.Bf2 bxc4 17.c3  0-1

[Event "30th Liechtenstein Open 2012"]
[Site "Triesen LIE"]
[Date "2012.05.14"]
[Round "4.8"]
[White "Frick,R"]
[Black "Colovic,A"]
[Result "0-1"]
[WhiteElo "2088"]
[BlackElo "2433"]

1.e4 c5 2.Nf3 d6 3.d4 cxd4 4.Nxd4 Nf6 5.Nc3 a6 6.Be3 Ng4 7.Bc1 Nf6 8.Be3 e6
9.Be2 Qc7 10.O-O b5 11.Bf3 Bb7 12.e5 dxe5 13.Ndxb5 axb5 14.Nxb5 Qc8 15.Na7 Bxf3
16.Nxc8 Bxd1 17.Nb6 Ra6 18.Rfxd1 Ng4 19.Nc4 Nxe3 20.fxe3 Bc5 21.Kf2 Ke7 22.Nxe5 Rc8
23.c3 Bd6 24.Nf3 Nd7 25.Ke2 Rb8 26.b3 Nc5 27.Rdc1 Rba8 28.Nd4 Rxa2+ 29.Rxa2 Rxa2+
30.Kf3 Nd3 31.Rf1 f5 32.e4 Ne5+ 33.Ke3 Ng4+ 34.Kd3 Nf2+  0-1

[Event "21st CRO-Cup"]
[Site "Sibenik CRO"]
[Date "2012.05.16"]
[Round "1.41"]
[White "Jurkovic,A"]
[Black "Palac,M"]
[Result "0-1"]
[WhiteElo "2345"]
[BlackElo "2604"]

1.e4 c5 2.Nf3 d6 3.d4 cxd4 4.Nxd4 Nf6 5.Nc3 a6 6.Be3 e5 7.Nf3 Qc7 8.a4 Be7
9.a5 O-O 10.Bb6 Qc6 11.Nd5 Nxd5 12.exd5 Qe8 13.Nd2 Nd7 14.Nc4 Nxb6 15.Nxb6 Rb8
16.Be2 Bd8 17.Nc4 Qe7 18.O-O Bd7 19.Ra3 Rc8 20.Re1 f5 21.Bf1 Bb5 22.Nd2 Qf7
23.c4 Bd7 24.b4 Bf6 25.Qe2 e4 26.Qe3 Bb2 27.Rb3 Qf6 28.Qb6 Ba4 29.Rg3 Bc3
30.Re2 Bd4 31.Qxb7 Rb8 32.Qxa6 Rxb4 33.c5 Bxc5 34.Re1 Qd4 35.Qe2 Rb2  0-1

[Event "21st CRO-Cup"]
[Site "Sibenik CRO"]
[Date "2012.05.19"]
[Round "5.11"]
[White "Brkic,A"]
[Black "Palac,M"]
[Result "1/2-1/2"]
[WhiteElo "2569"]
[BlackElo "2604"]

1.e4 c5 2.Nf3 d6 3.d4 cxd4 4.Nxd4 Nf6 5.Nc3 a6 6.Be3 e5 7.Nb3 Be6 8.h3 Nc6
9.Qf3 d5 10.exd5 Bxd5 11.Qg3 Ne4 12.Nxe4 Bxe4 13.c3 Bg6 14.Rd1 Qc7 15.Be2 Bd6
16.O-O  1/2-1/2

[Event "50th ch-IND Challengers 2012"]
[Site "Tirupati IND"]
[Date "2012.05.19"]
[Round "2.21"]
[White "Shashikant,K"]
[Black "Lohana,K"]
[Result "1-0"]
[WhiteElo "2304"]
[BlackElo "2092"]

1.e4 c5 2.Nf3 d6 3.d4 cxd4 4.Nxd4 Nf6 5.Nc3 a6 6.Be3 e5 7.Nf3 Be7 8.Bc4 O-O
9.O-O Nc6 10.Qe2 b5 11.Bb3 Na5 12.Rfd1 Qc7 13.Bg5 Be6 14.Bxf6 Bxf6 15.Nd5 Bxd5
16.Bxd5 Rab8 17.c3 Rfc8 18.h4 Qa7 19.g3 h6 20.Kg2 g6 21.a4 b4 22.cxb4 Rxb4
23.Qd2 Rcb8 24.Qxh6 Rxb2 25.Qxg6+ Bg7 26.Rf1 Nc6 27.Ng5 Nd8 28.h5 Kf8 29.Nh7+ Kg8
30.h6 Ne6 31.Nf6+ Kf8 32.hxg7+ Nxg7 33.Nh7+ Kg8 34.Ng5 R8b7 35.Qh7+  1-0

[Event "21st CRO-Cup"]
[Site "Sibenik CRO"]
[Date "2012.05.20"]
[Round "6.51"]
[White "Jurkovic,A"]
[Black "Fercec,N"]
[Result "0-1"]
[WhiteElo "2345"]
[BlackElo "2460"]

1.e4 c5 2.Nf3 d6 3.d4 cxd4 4.Nxd4 Nf6 5.Nc3 a6 6.Be3 e5 7.Nf3 Be7 8.Nd2 b5
9.a4 b4 10.Nd5 Nxd5 11.exd5 O-O 12.a5 f5 13.Be2 Nd7 14.f3 Nf6 15.Nc4 f4 16.Bf2 e4
17.O-O e3 18.Be1 Rb8 19.Ra4 Nh5 20.Nb6 Bh4 21.Rxb4 Bxe1 22.Rxe1 Qh4 23.Rf1 Bh3
24.Bd3 Qg5 25.Qe2 Rf6 26.Ra1 Rh6 27.Raa4 Rf8 28.Kf1 Ng3+ 29.hxg3 Qxg3 30.gxh3 Rxh3  0-1

[Event "6th ENCI Limburg Open 2012"]
[Site "Limburg NED"]
[Date "2012.05.25"]
[Round "1.5"]
[White "Solodovnichenko,Y"]
[Black "Rietman,F"]
[Result "1-0"]
[WhiteElo "2570"]
[BlackElo "2262"]

1.e4 c5 2.Nf3 d6 3.d4 cxd4 4.Nxd4 Nf6 5.Nc3 a6 6.Be3 e5 7.Nb3 Be6 8.Qd2 Nbd7
9.O-O-O b5 10.f4 Rb8 11.Bd3 Be7 12.f5 Bc4 13.Kb1 Qc7 14.g4 b4 15.Bxc4 Qxc4
16.Nd5 Nxe4 17.Qg2 Bd8 18.g5 Rb5 19.Nd2 Nxd2+ 20.Rxd2 O-O 21.h4 Nc5 22.Bxc5 Rxc5
23.f6 Re8 24.b3 Qb5 25.Qe4 a5 26.h5 Re6 27.g6 Bxf6 28.Nxf6+ Rxf6 29.Qa8+  1-0

[Event "29th BSG Pinkster Open"]
[Site "Bussum NED"]
[Date "2012.05.26"]
[Round "3.10"]
[White "Janssen,E"]
[Black "Visser,HJ"]
[Result "0-1"]
[WhiteElo "2118"]
[BlackElo "2234"]

1.e4 c5 2.Nf3 d6 3.d4 cxd4 4.Nxd4 Nf6 5.Nc3 a6 6.Be3 e5 7.Nf3 Be7 8.Bc4 O-O
9.O-O Nc6 10.Re1 b5 11.Bb3 Na5 12.Nd5 Nxb3 13.Bb6 Qe8 14.Nxe7+ Qxe7 15.axb3 Bb7
16.Qd3 Bxe4 17.Rxe4 Qb7 18.Rh4 Qxb6 19.Qf5 Qd8 20.g4 Qc8 21.Rd1 Qxf5 22.gxf5 Rfd8
23.c4 Rab8 24.Rd2 Kf8 25.Ng5 Ke7 26.f4 h6 27.Nf3 e4 28.Nd4 Rdc8 29.Rc2 a5
30.Rh3 a4 31.bxa4 bxa4 32.Ra3 Rb4 33.b3 axb3 34.Rxb3 Rbxc4 35.Rxc4 Rxc4 36.Rb7+ Nd7
37.Nb5 e3 38.Nc7 Rc1+  0-1

[Event "31st OCF NAO FIDE Open"]
[Site "Stillwater USA"]
[Date "2012.05.26"]
[Round "1.2"]
[White "Zhong,Howard"]
[Black "Mc Entee,T"]
[Result "1/2-1/2"]
[WhiteElo "1867"]
[BlackElo "2166"]

1.e4 c5 2.Nf3 d6 3.d4 cxd4 4.Nxd4 Nf6 5.Nc3 a6 6.Be3 e6 7.f3 b5 8.g4 Bb7
9.g5 Nfd7 10.Qd2 Nc6 11.h4 Qc7 12.O-O-O Nxd4 13.Bxd4 Nb6 14.Qf2 Nc4 15.Bxc4 Qxc4
16.Kb1 a5 17.Qe2 Qxe2 18.Nxe2 b4 19.Ng3 e5 20.Be3 g6 21.f4 Be7 22.Rhf1 Ra6
23.f5 Kd7 24.f6 Bd8 25.h5 Ke6 26.h6 Bc7 27.Rf2 Rc6 28.b3 Rd8 29.Rfd2 Rc3
30.Rd3 Rxd3 31.cxd3 d5 32.Kc2 d4 33.Bf2 Ba6 34.Kd2 Bd6 35.Rc1 Bb5 36.Ne2 a4
37.Rc2 axb3 38.axb3 Kd7 39.Nc1 Ra8 40.Ra2 Rxa2+ 41.Nxa2  1/2-1/2

[Event "ch-UZB Major 2012"]
[Site "Tashkent UZB"]
[Date "2012.05.26"]
[Round "10"]
[White "Dzhumaev,M"]
[Black "Nazhmeddinov,S"]
[Result "1-0"]
[WhiteElo "2495"]
[BlackElo "2246"]

1.e4 c5 2.Nc3 d6 3.Nge2 Nf6 4.d4 cxd4 5.Nxd4 a6 6.Be3 e5 7.Nb3 Be6 8.f4 exf4
9.Bxf4 Nc6 10.Qd2 Be7 11.O-O-O Ne5 12.Nd4 O-O 13.Kb1 Qc7 14.Nf5 Bxf5 15.exf5 b5
16.g4 b4 17.Nd5 Nxd5 18.Qxd5 Nxg4 19.Rg1 Nf6 20.Qg2 g6 21.Bd3 Kh8 22.Rdf1 Rg8
23.fxg6 fxg6 24.Be3 Raf8 25.Bd4 Rg7 26.Qh3 d5 27.Rxg6 Rxg6 28.Bxg6 Bd8 29.Bd3 a5
30.b3 Qg7 31.Rf5 Re8 32.Qh4 Re6 33.Rh5 Qg2 34.Rg5 Re4 35.Bxe4 Qxe4 36.Qxe4 dxe4
37.Rd5  1-0

[Event "29th BSG Pinkster Open"]
[Site "Bussum NED"]
[Date "2012.05.28"]
[Round "7.4"]
[White "Bakker,Guido"]
[Black "Visser,HJ"]
[Result "0-1"]
[WhiteElo "2089"]
[BlackElo "2234"]

1.e4 c5 2.Ne2 Nf6 3.Nbc3 d6 4.d4 cxd4 5.Nxd4 a6 6.Be3 e5 7.Nb3 Be7 8.h3 Be6
9.Qf3 Nbd7 10.g4 Nb6 11.g5 Nfd7 12.h4 Rc8 13.Bh3 Bxh3 14.Qxh3 Nc4 15.O-O-O Ndb6
16.Bxb6 Nxb6 17.Nd5 O-O 18.Kb1 Nxd5 19.Rxd5 Qb6 20.Qf5 Qd8 21.Rd3 Rc7 22.Rhh3 g6
23.Qf3 f6 24.h5 fxg5 25.Qe2 Qe8 26.Nd2 Rf4 27.hxg6 Qxg6 28.Rdg3 g4 29.Rh2 Bf8
30.b3 Rg7 31.Re3 h5 32.Nc4 Rgf7 33.Nb6 Bh6 34.Nd5 Kg7 35.Rg2 Bg5 36.Nc3 Rf3
37.Rd3 R7f4 38.Kb2 Kh7 39.a4 Bd8 40.Rh2 Ba5 41.Nd5 Rxe4 42.Qf1 Re1 43.Qg2 Rxd3
44.cxd3 Kg7 45.Qg3 Qf7 46.Ne3 Re2+ 47.Ka3 Bb6 48.Nc4 Bxf2 49.Rxf2 Qxf2  0-1

[Event "XXVII Felix Cup 2012"]
[Site "Baile Felix ROU"]
[Date "2012.06.03"]
[Round "5.7"]
[White "Lung,Liviu-Catalin"]
[Black "Visanescu,D"]
[Result "1-0"]
[WhiteElo "2170"]
[BlackElo "2030"]

1.e4 c5 2.Nf3 d6 3.d4 cxd4 4.Nxd4 Nf6 5.Nc3 a6 6.Be3 e5 7.Nf3 h6 8.h3 Be6
9.Qd2 Be7 10.g4 Nc6 11.g5 hxg5 12.Nxg5 d5 13.exd5 Bxd5 14.Nxd5 Qxd5 15.Rg1 Rd8
16.Qxd5 Nxd5 17.O-O-O Ncb4 18.Bc4 O-O 19.a3 Nxe3 20.Rxd8 Bxd8 21.fxe3 Bxg5
22.Rxg5 Nc6 23.Bd5 Re8 24.c4 Kf8 25.Kc2 f6 26.Rg1 g5 27.h4 gxh4 28.Rg8+ Ke7
29.Rg7+ Kd6 30.Rxb7 a5 31.Rf7 Ne7 32.Rxf6+ Kc5 33.Re6  1-0

[Event "11th TCh-BIH Premier"]
[Site "Jahorina BIH"]
[Date "2012.06.03"]
[Round "2.2"]
[White "Kovacevic,A"]
[Black "Palac,M"]
[Result "0-1"]
[WhiteElo "2557"]
[BlackElo "2604"]

1.e4 c5 2.Nf3 d6 3.d4 cxd4 4.Nxd4 Nf6 5.Nc3 a6 6.Be3 e5 7.Nb3 Be7 8.f3 Be6
9.Qd2 O-O 10.O-O-O Nbd7 11.g4 b5 12.g5 b4 13.Ne2 Ne8 14.f4 a5 15.f5 Bxb3
16.cxb3 a4 17.bxa4 Rxa4 18.Kb1 Rxa2 19.Nc1 Ra8 20.Nb3 Qb8 21.Bc4 Nb6 22.Bxb6 Qxb6
23.g6 Nf6 24.gxf7+ Kh8 25.Qd3 Rfc8 26.Rd2 Qa7 27.Rc2 d5 28.exd5 Bd6 29.Re1 e4
30.Rxe4 Nxe4 31.Qxe4 Qxf7 32.Qe6 Qf8 33.Bb5 Rxc2 34.Kxc2 Bxh2 35.Bc6 Rd8
36.Nd4 Qc5+ 37.Kd3  0-1

[Event "4th Rheinland-Pfalz Open 2012"]
[Site "Altenkirchen GER"]
[Date "2012.06.07"]
[Round "2.6"]
[White "Solodovnichenko,Y"]
[Black "Kregelin,J"]
[Result "1-0"]
[WhiteElo "2570"]
[BlackElo "2088"]

1.e4 c5 2.Nf3 d6 3.d4 cxd4 4.Nxd4 Nf6 5.Nc3 a6 6.Be3 e6 7.f3 b5 8.Qd2 Nbd7
9.g4 h6 10.O-O-O Bb7 11.h4 b4 12.Na4 Qa5 13.b3 Nc5 14.a3 Nxa4 15.axb4 Qc7
16.bxa4 d5 17.e5 Nd7 18.f4 Nb6 19.Rh3 Nxa4 20.c4 dxc4 21.Qc2 Nb6 22.Nxe6 fxe6
23.Bxb6 Qxb6 24.Qg6+ Ke7 25.f5  1-0

[Event "5th Sudety Open 2012"]
[Site "Szklarska Poreba POL"]
[Date "2012.06.07"]
[Round "5"]
[White "Aliavdin,N"]
[Black "Obrusnik,M"]
[Result "1/2-1/2"]
[WhiteElo "2382"]
[BlackElo "2227"]

1.e4 c5 2.Nf3 d6 3.d4 cxd4 4.Nxd4 Nf6 5.Nc3 a6 6.Be3 e5 7.Nf3 Be7 8.Bc4 O-O
9.O-O Be6 10.Bb3 Nc6 11.Bg5 Rc8 12.Bxf6 Bxf6 13.Nd5 Bg5 14.c3 Bh6 15.Qd3 Na5
16.Rad1 Nxb3 17.axb3 f5 18.Nd2 Bxd2 19.Rxd2 Qe8 20.c4 f4 21.f3 g5 22.Qc3 b5
23.Qa5 bxc4 24.bxc4 Rxc4 25.Qxa6 Bxd5 26.Rxd5 Rc6 27.Qd3 Qb8 28.Rb5 Qa7+
29.Kh1 Rfc8 30.h3 Rc1 31.Kh2 Rxf1 32.Qxf1 Qe3 33.Qd1 Qf2 34.Qb3+  1/2-1/2

[Event "11th TCh-BIH Premier"]
[Site "Jahorina BIH"]
[Date "2012.06.08"]
[Round "7.5"]
[White "Stojanovic,Da"]
[Black "Stavnjak,L"]
[Result "1-0"]
[WhiteElo "2485"]
[BlackElo "2219"]

1.e4 c5 2.Nf3 d6 3.d4 cxd4 4.Nxd4 Nf6 5.Nc3 a6 6.Be3 g6 7.f3 Bg7 8.Qd2 Nc6
9.O-O-O Nxd4 10.Bxd4 Be6 11.g4 Rc8 12.h4 Qa5 13.a3 h6 14.Kb1 Qc7 15.Bd3 Rg8
16.g5 hxg5 17.hxg5 Nh5 18.Bxg7 Nxg7 19.f4 Qc5 20.Rh7 b5 21.Rf1 Bc4 22.f5 Bxd3
23.Qxd3 Qc4 24.Qh3 gxf5 25.exf5 Rc5 26.Rh4  1-0

[Event "11th TCh-BIH Premier"]
[Site "Jahorina BIH"]
[Date "2012.06.08"]
[Round "7.5"]
[White "Pestek,E"]
[Black "Kadric,D"]
[Result "0-1"]
[WhiteElo "1996"]
[BlackElo "2407"]

1.e4 c5 2.Nf3 d6 3.d4 cxd4 4.Nxd4 Nf6 5.Nc3 a6 6.Be3 e5 7.Nb3 Be7 8.f3 Be6
9.Qd2 O-O 10.O-O-O Nbd7 11.Qf2 b5 12.g4 Bxg4 13.h4 Be6 14.h5 Kh8 15.Nd5 Nxd5
16.exd5 Bf5 17.Bh3 Bxh3 18.Rxh3 f5 19.Kb1 f4 20.Bd2 Nf6 21.h6 g6 22.Ba5 Qd7
23.Rh2 Qb7 24.Qb6 Qxb6 25.Bxb6 Rfb8 26.Bf2 a5 27.Bh4 Ng8 28.Bxe7 Nxe7 29.Rd3 Ng8
30.Nd2 Nf6 31.Re2 Rc8 32.b3 Kg8 33.Kb2 Kf7 34.a3 a4 35.b4 g5 36.Nb1 Kg6 37.Rc3 Kxh6
38.Rxc8 Rxc8 39.c4 bxc4 40.Nc3 Kg6  0-1

[Event "TCh-NOR Clubs 2012"]
[Site "Fagernes NOR"]
[Date "2012.06.09"]
[Round "2"]
[White "Eriksen,M"]
[Black "Urkedal,F"]
[Result "0-1"]
[WhiteElo "2102"]
[BlackElo "2439"]

1.e4 c5 2.Nf3 d6 3.d4 cxd4 4.Nxd4 Nf6 5.Nc3 a6 6.Be3 e5 7.Nb3 Be6 8.Qd2 Nbd7
9.O-O-O Be7 10.f3 h5 11.Nd5 Nxd5 12.exd5 Bf5 13.Bd3 Bxd3 14.Qxd3 Bg5 15.Kb1 O-O
16.h4 Bxe3 17.Qxe3 a5 18.g4 hxg4 19.fxg4 Qc7 20.Nd2 Rfc8 21.c3 a4 22.a3 Nb6
23.Ne4 Ra5 24.Qg5 Qd8 25.Qh5 Rc4 26.Ng5 Qf6 27.Qh7+ Kf8 28.Rhf1 Rf4 29.Rxf4 Qxf4
30.Qh8+ Ke7 31.Qb8 Nd7 32.Qxb7 Qxg4 33.Rf1 f6 34.Ne6 Qe4+ 35.Ka1 Rxd5  0-1